000 00355nam a2200133Ia 4500
008 220217s9999||||xx |||||||||||||| ||und||
020 _a81-7722-129-9
082 _a006.42 SHU
100 _aShufflebotham, Robert
_92012
245 0 _aPhotoshop 6 in easy steps
260 _aDreamtech press
_bNew Delhi
_c2001
300 _b89
650 _aMULTIMEDIA
999 _c167927
_d167927